000 00499nam a2200229Ia 4500
003 IT-RoPAU
008 120407s9999 xx 000 0 und d
040 _aIT-RoPAU
040 _cIT-RoPAU
041 _aita
100 _aMarcel Gabriel
245 _aL’uomo problematico. Trad. di L. Verdi-Vighetti.
250 _aTorino
260 _aBorla
260 _c1964
300 _a157 p.
300 _c21 cm
490 _aLe idee e la vita
490 _v119
942 _cBK
999 _c26371
_d26371